000
00292nam a22001337a 4500
008
190226b xxu||||| |||| 00| 0 eng d
020
_a
9781889793221
041
_a
eng
080
_a
610
100
_a
4
101
_a
SHM
245
_a
Home-Centered Health Care
_c
Magee, M
942
_2
udc
_c
BK
999
_c
54280
_d
54280